000 00913nam a2200241Ia 4500
003 OSt
005 20250415141634.0
008 191128t2015 ck er 000 f spa d
020 _a9789584244772
040 _aCO-JMCR
_cCO-JMCR
041 _aspa
082 0 4 _aA-N
_bHAWc
100 1 _aHawkins, Paula,
_d1989
_eautora
_97159
245 1 3 _aLa chica del tren /
_cPaula Hawkins; traducción Aleix Montoto
250 _aPrimera edición
260 _aBogotá :
_bPlaneta Colombiana,
_c©2015
300 _a493 páginas ;
_c21 cm.
500 _aRecomendado para mayores de 15 años.
520 _a¿Estabas en el tren de las 8:04? ¿Viste algo sospechoso? Rachel, sí. Rachel toma siempre el tren de las 8.04 h. Cada mañana lo mismo: el mismo paisaje, las mismas casas y la misma parada en la señal roja.
650 1 4 _aNovela británica
_97160
700 _aMontoto, Aleix,
_etraductor
_96698
942 _2ddc
_cBK
999 _c3741
_d3741